00598nam a2200169 4500001000700000003000900007007000300016008004100019100002000060245011200080250009300192260004100285300003800326700001400364710002700378852002300405148045ES-MaACLt|070214m19261927sp r ||||1| spa d1 aStieler, Adolf.10aGran Atlas Geográfico b: con 254 mapas principales y suplementarios grabados en cobre / cAdolf Stieler. a10ª ed. (ed. del centenario) bcorr. y aum. bajo la dirección del Prof. Dr. H. Haack. aGotha : bJustus Perthes, c1926-27. a2 v. : b254 map. ; c40 x 26 cm.1 aHaack, H.2 aJustus Perthes (Firma) aES-MaACLjB-9701-2